01284nam a22002897a 45000010005000000030006000050050017000110080041000280200015000690400029000840500014001130820011001271000019001382450133001572600038002903000050003285050008003785200225003865210021006115210020006326500027006526500027006799420015007069990015007219520128007369520130008645367FISKH20241212092059.0241128b cb ||||| |||| 00| 0 eng d a0590062050 aFISKHbengcFISKHdFISKH aLC5152.C2 a371.96 aStanley, Jerry aChildren of the dust bowl :bThe true story of the school at Weedpatch camp /cby Jerry Stanley : illustrated with photographs  aNew York : bScholastic ;c1992 . a85 pages : billustrations , maps ;c24 cm .  aZ  aDescribes the plight of the migrant workers who traveled from the Dust Bowl to California during the Depression and were forced to live in a federal labor camp and discusses the school that was built for their children. 8 a1120 bLexile 8 aZ bRaz-Plus  aDust BowlvNon-fiction aeducationvNon-fiction 2ddccBKn0 c5367d5367 00102ddc40708NFICa001b001cSNSd2024-11-28l0oSTA 371.96 LC5152.C2pFIS04667r2024-11-28 14:12:08t1w2024-11-28yBK 00102ddc40708NFICa001b001cSNSd2024-11-28l0oSTA 371.96 LC5152.C2pFISSE01203r2024-12-12 09:19:55t2w2024-11-28yBK